MARC details
| 000 -CABECERA |
| campo de control de longitud fija |
01405nam a2200241 a 4500 |
| 001 - NÚMERO DE CONTROL |
| campo de control |
000022372 |
| 005 - FECHA Y HORA DE LA ÚLTIMA TRANSACCIÓN |
| campo de control |
20250203093855.0 |
| 008 - DATOS DE LONGITUD FIJA--INFORMACIÓN GENERAL |
| campo de control de longitud fija |
101006d1998 dr 001 0 spa d |
| 040 ## - FUENTE DE LA CATALOGACIÓN |
| Centro catalogador/agencia de origen |
DO-SdBNP |
| Lengua de catalogación |
spa |
| Centro/agencia transcriptor |
BNPHD |
| 082 ## - NÚMERO DE LA CLASIFICACIÓN DECIMAL DEWEY |
| Número de clasificación |
305.873 |
| Número de documento/Ítem |
M559v |
| 100 1# - ENTRADA PRINCIPAL--NOMBRE DE PERSONA |
| Nombre de persona |
Merejo, Andrés |
| 9 (RLIN) |
469 |
| 245 13 - MENCIÓN DE TÍTULO |
| Título |
La vida americana en el siglo XXI / |
| Mención de responsabilidad, etc. |
Andrés Merejo ; prólogo Viriato Sención ; editor Diógenes Céspedes. |
| 260 ## - PUBLICACIÓN, DISTRIBUCIÓN, ETC. |
| Lugar de publicación, distribución, etc. |
Santo Domingo : |
| Nombre del editor, distribuidor, etc. |
De Colores, |
| Fecha de publicación, distribución, etc. |
1998. |
| 300 ## - DESCRIPCIÓN FÍSICA |
| Extensión |
129 p. ; |
| Dimensiones |
24 cm. |
| 505 0# - NOTA DE CONTENIDO CON FORMATO |
| Información miscelánea |
Prólogo / |
| Mención de responsabilidad |
Viriato Sención -- |
| Título |
Ser americano -- |
| -- |
La familia americana -- |
| -- |
El americano ante los otros -- |
| -- |
La cultura de la adicción -- |
| -- |
La vida como espectáculo -- |
| -- |
Tiempos e imágenes en los americanos -- |
| -- |
El deporte como fascinación -- |
| -- |
Cibernovela: una moda americana -- |
| -- |
Zonas grises a la americana -- |
| -- |
Acotaciones críticas: Discursos económicos y sociales sobre los Estados Unidos -- |
| -- |
Bill Gates: presidente de Ciberamérica -- |
| -- |
El desafío americano -- |
| -- |
La sociedad americana en el siglo XXI. |
| 590 ## - NOTA LOCAL (RLIN) |
| Nota local |
Inventariado, 2018/BT |
| 651 #4 - PUNTO DE ACCESO ADICIONAL DE MATERIA--NOMBRE GEOGRÁFICO |
| Nombre geográfico |
Estados Unidos |
| Subdivisión general |
Características Nacionales |
| 9 (RLIN) |
46144 |
| 651 #4 - PUNTO DE ACCESO ADICIONAL DE MATERIA--NOMBRE GEOGRÁFICO |
| Nombre geográfico |
Estados Unidos |
| Subdivisión general |
Civilización |
| Subdivisión cronológica |
SIGLO XXI |
| 9 (RLIN) |
46145 |
| 651 #4 - PUNTO DE ACCESO ADICIONAL DE MATERIA--NOMBRE GEOGRÁFICO |
| Nombre geográfico |
Estados Unidos |
| Subdivisión general |
Vida Social Y Costumbres |
| Subdivisión cronológica |
SIGLO XXI |
| 9 (RLIN) |
46146 |
| 700 1# - PUNTO DE ACCESO ADICIONAL--NOMBRE DE PERSONA |
| Nombre de persona |
Céspedes, Diógenes, |
| Fechas asociadas al nombre |
1941- |
| Término indicativo de función/relación |
ed. |
| 9 (RLIN) |
20548 |
| 700 ## - PUNTO DE ACCESO ADICIONAL--NOMBRE DE PERSONA |
| Nombre de persona |
Sención, Viriato, |
| Fechas asociadas al nombre |
1941- |
| Término indicativo de función/relación |
pról. |
| 9 (RLIN) |
27776 |
| 910 ## - DATOS DE OPCIÓN DEL USUARIO (OCLC) |
| Datos de opción del usuario |
Validado. Control de calidad. EMS |